|
|
|
|
| LEADER |
00000nam a2200000 i 4500 |
| 001 |
DIGUAZUAY0181 |
| 003 |
NyNyDIG |
| 007 |
cr ||||||||||| |
| 008 |
251209s2023 ec a ob 000 0 spa d |
| 006 |
m o d |
| 035 |
|
|
|a (OCoLC)1420744021
|
| 040 |
|
|
|a DGITA
|b eng
|e rda
|e pn
|c DGITA
|
| 020 |
|
|
|a 9789942618177
|q eBook
|
| 020 |
|
|
|z 9789942618160
|
| 050 |
1 |
4 |
|a TR897.7 ebook
|
| 100 |
1 |
|
|a Montaño Albán, Roland,
|e author.
|
| 245 |
1 |
0 |
|a De la idea al movimiento :
|b introducción básica al motion graphics /
|c Roland Montaño, Santiago Rojas y Roberto Landívar.
|
| 264 |
|
1 |
|a Cuenca, Ecuador :
|b Universidad del Azuay, Casa Editora,
|c [2023]
|
| 300 |
|
|
|a 1 online resource :
|b color illustrations.
|
| 336 |
|
|
|a text
|b txt
|2 rdacontent
|
| 337 |
|
|
|a computer
|b c
|2 rdamedia
|
| 338 |
|
|
|a online resource
|b cr
|2 rdacarrier
|
| 347 |
|
|
|a text file
|2 rdaft
|
| 347 |
|
|
|b PDF
|
| 504 |
|
|
|a Includes bibliographical references.
|
| 588 |
0 |
|
|a Online resource; title from PDF title page (Digitalia, viewed December 9, 2025)
|
| 650 |
|
0 |
|a Computer animation.
|
| 650 |
|
0 |
|a Multimedia systems.
|
| 700 |
1 |
|
|a Rojas Terreros, Santiago,
|e author.
|
| 700 |
1 |
|
|a Landívar Feican, Roberto,
|e author.
|
| 791 |
2 |
|
|a Digitalia (Firm),
|e distributor.
|
| 793 |
0 |
|
|g Digitalia eBook Collection:
|a Universidad del Azuay
|
| 776 |
0 |
8 |
|i Print version:
|a Montaño Albán, Roland.
|t De la idea al movimiento.
|d Cuenca, Ecuador : Universidad del Azuay, Casa Editora, [2023]
|z 9789942618160
|
| 856 |
4 |
0 |
|3 Digitalia Hispánica
|u https://www.digitaliapublishing.com/a/133566/
|
| 910 |
|
|
|a Premium collection: 2025
|